Biblioteca

Léxico de la vivienda en lenguaje Piapoko : (Registro nro. 68123)

Detalles MARC
000 -LÍDER
Campo fijo de descripción fija 00988nab a2200193 i 4500
001 - NÚMERO DE CONTROL
Campo de control 768714001
003 - IDENTIFICADOR DEL NÚMERO DE CONTROL
Campo de control CO-MdFUSB
005 - FECHA Y HORA DE LA ULTIMA TRANSACCIÓN
control field 20240826092552.0
008 - ELEMENTOS DE LONGITUD FIJA -- INFORMACIÓN GENERAL
Campo fijo de descripción fija -- Información general 220907t1990 ck ||||| |||| 00| 0 spa d
040 ## - FUENTE DE CATALOGACIÓN
Idioma de catalogación spa
Agencia que realiza la transcripción CO-MdFUSB
Agencia que realiza la modificación CO-MdFUSB
041 ## - CÓDIGO DE IDIOMA
Código de idioma para texto/pista de sonido o título separado spa
100 ## - ASIENTO PRINCIPAL--NOMBRE PERSONAL
Nombre personal Macías, Fanny,
Término relacionador autor
245 1# - TÍTULO
Título Léxico de la vivienda en lenguaje Piapoko :
Subtitulo en Puerto Inírida, comisaría del Vichada, Colombia
Mención de responsabilidad / Hna Fanny Macías
520 ## - NOTA DE RESUMEN, ETC.
Nota de sumario, etc. El propósito de esa investigación, es el estudio "léxico parcial de la vivienda y sus componentes en la lengua Piapoko, es el de un paso en el conocimiento de esta cultura y a la vez contribuir a posteriores estudios, que como en toda etnia se constatan aspectos significativos en la vida del grupo.
650 #7 - ASIENTO SECUNDARIO DE MATERIA - TERMINO TEMÁTICO
9 (RLIN) 6714
Término temático o nombre geográfico como elemento de entrada Antropología cultural y social
773 0# - ASIENTO DE ITEM FUENTE
Biblionumber 49438
Itemnumber 81252
Lugar, editorial y fecha de publicación Centro Antropológico Colombiano
Otro identificador del ítem R1678
Título Ethnia
Número de control del registro (CO-MdFUSB)768714001
Parte(s) relacionada(s) / Volumen., número. (mes año), páginas Volumen 66, (mayo, 1990) páginas: 17 - 67
Enumeración y primera página página: 17
942 ## - TIPO DE MATERIAL (KOHA)
Tipo de Item KOHA Artículos de Revista
945 ## - INFORMACIÓN LOCAL DEL REGISTRO
Catalogador AF

No hay ítems disponibles.

Biblioteca FUSBC | Teléfono: (57+4) 349 88 10 Ext. 141| WhatsApp (+57) 3005338115 
E-mail: biblioteca@unisbc.edu.co | Calle 76 87-14 Robledo Palenque, Medellín, Colombia

Con tecnología Koha